Football/Soccer quiz - Statistics

General Stats
  • This quiz has been taken 31 times
  • The average score is 10 of 14
Answer Stats
Question Answer % Correct
What country does Zlatan Ibrahimovic play for? Sweden
100%
Cristiano Ronaldo famously wears what jersey number? 7
97%
Which country has won the most world cups? Brazil
97%
What year was the first World Cup held? 1930
90%
How long is a match? 90 minutes
86%
Who won the EPL in 2019? Liverpool
76%
What is Ashraf Hakimi's club jersey number? 2
72%
Name the FC Bayern's home stadium Allianz arena
72%
What team did Kevin De Bruyne play for in 2014? Chelsea
69%
Where was the 1998 World Cup held? France
69%
Which country won the AFCON in 2017? Cameroon
55%
Who won the 2005 Ballon D'or? Ronaldinho
55%
Which young player won the 2021 KOPA trophy? Pedri
48%
Who is the current coach of PSG (2023)? Christophe Galtier
28%
No matching quizzes found
Score Distribution
Percent of People with Each Score
Percentile by Number Answered
Your Score History
You have not taken this quiz